000 00250nam a22001097a 4500
008 180803b xxu||||| |||| 00| 0 eng d
082 _a813.52
245 _aPulmonary System
_cMedi-Sim
300 _a1
_fCD
440 _x0-7817-3001-5
942 _2ddc
_cMX
999 _c46783
_d46783